Aviation underwriting

Guardado en:
Detalles Bibliográficos
Autor principal: Jervis, B.G
Formato: Libro
Lenguaje:inglés
Publicado: London Chartered Insurance Institute 1981
Edición:1. ed.
Materias:
Etiquetas: Agregar Etiqueta
Sin Etiquetas, Sea el primero en etiquetar este registro!

MARC

LEADER 00000nam a2200000 4500
001 c001768
005 20221220103125.4
020 |a 907 323 510 
041 0 |a eng 
044 |a GB 
245 1 0 |a Aviation underwriting  |c B.G. Jervis 
250 |a 1. ed. 
264 1 |a London  |b Chartered Insurance Institute  |c 1981 
300 |a Prer. s. 
610 2 0 |a poistenie 
610 2 0 |a poistenie dopravné 
610 2 0 |a poistenie osôb 
610 2 0 |a doprava letecká 
610 2 0 |a záväzky 
610 2 0 |a náhrada poistná 
610 2 0 |a Veľká Británia 
100 1 |a Jervis, B.G.